000 00522nam a2200205Ia 4500
003 OSt
005 20230511101702.0
008 210423s2006 xx 000 0 und d
020 _a8181284046
040 _cAL
082 _a664.07 MENK
_223
100 _aMENGEL (Konrad);others.
_9102311
245 _aPrinciples of plant nutrition.
250 _a5
260 _aNew Delhi
_bSpringer Pvt Ltd
_c2006
300 _axiii,849
_bPB
365 _b995
_cINR
906 _anutrition. ; plant ; Principles
942 _2ddc
_cBK
999 _c164590
_d164590